Short-wave radiation phenomena / (Record no. 73160)
[ view plain ]
| 000 -LEADER | |
|---|---|
| fixed length control field | 00644nam a2200229 a 4500 |
| 001 - CONTROL NUMBER | |
| control field | 73160 |
| 003 - CONTROL NUMBER IDENTIFIER | |
| rucl marc code | BD-RjUL |
| 005 - DATE AND TIME OF LATEST TRANSACTION | |
| control field | 20211209082345.0 |
| 008 - FIXED-LENGTH DATA ELEMENTS--GENERAL INFORMATION | |
| fixed length control field | 170528s1952 nyua 001 0 eng |
| 035 ## - SYSTEM CONTROL NUMBER | |
| System control number | (BD-RjUL)73378 |
| 040 ## - CATALOGING SOURCE | |
| Original cataloging agency | DLC/ICU |
| Transcribing agency | ICU |
| Modifying agency | BD-RjUL |
| Language of cataloging | eng |
| 041 ## - LANGUAGE CODE | |
| Language code of text/sound track or separate title | eng |
| 082 00 - DEWEY DECIMAL CLASSIFICATION NUMBER | |
| Classification number | 621.38411 |
| Edition number | 23 |
| Author mark and year | HUS 1952 |
| 100 1# - MAIN ENTRY--PERSONAL NAME | |
| Personal name | Hund, August, |
| Dates associated with a name | 1887- |
| 9 (RLIN) | 203158 |
| 245 10 - TITLE STATEMENT | |
| Title | Short-wave radiation phenomena / |
| Statement of responsibility, etc. | August Hund |
| 260 ## - PUBLICATION, DISTRIBUTION, ETC. (IMPRINT) | |
| Place of publication, distribution, etc. | New York : |
| Name of publisher, distributor, etc. | McGraw-Hill, |
| Date of publication, distribution, etc. | 1952. |
| 300 ## - PHYSICAL DESCRIPTION | |
| Pagination | v. : |
| Illustrations | ill. ; |
| Size | 24 cm. |
| 490 ## - SERIES STATEMENT | |
| Series statement | Radio communication series |
| 505 0# - FORMATTED CONTENTS NOTE | |
| Formatted contents note | Vol.1-----Vol. 2------ |
| 650 #0 - SUBJECT ADDED ENTRY--TOPICAL TERM | |
| Topical term or geographic name as entry element | Radio waves. |
| 9 (RLIN) | 202399 |
| 942 ## - ADDED ENTRY ELEMENTS (KOHA) | |
| Source of classification or shelving scheme | Dewey Decimal Classification |
| Koha item type | Books |
| Lost status | Source of classification or shelving scheme | Damaged status | Not for loan | Collection code | Permanent Location | Current Location | Shelving location | Date acquired | Source of acquisition | Cost, normal purchase price | Total Checkouts | Full call number | Date last seen | Copy number | Koha item type |
|---|---|---|---|---|---|---|---|---|---|---|---|---|---|---|---|
| Dewey Decimal Classification | Not For Loan | Non-fiction | Central Library, University of Rajshahi | Central Library, University of Rajshahi | Reading Room | 03/01/1959 | Magraw hill book co. | 27.00 | 621.38411 HUS V-2 1952 | 28/05/2017 | C-1 | Books | |||
| Dewey Decimal Classification | Not For Loan | Non-fiction | Central Library, University of Rajshahi | Central Library, University of Rajshahi | Reading Room | 03/01/1959 | Magraw hill book co. | 27.00 | 621.38411 HUS V-1 1952 | 28/05/2017 | C-1 | Books |